Pivovar, Nitra

Na minha lista:
Detalhes bibliográficos
Autor principal: Zubková, Vladimíra (Author)
Outros Autores: Schleicher, Alexander (Thesis advisor)
Formato: Manuscrito Livro
Idioma:eslovaco
Publicado em: 2025
Assuntos:
Acesso em linha:http://is.stuba.sk/zp/portal_zp.pl?podrobnosti=185541
Tags: Adicionar Tag
Sem tags, seja o primeiro a adicionar uma tag!

MARC

LEADER 00000ntm a22000003a 4500
001 stuzp104836
003 SK-STU
005 20250607210909.4
007 ta
008 150427s2015----xo-----f-mn---000-0-slo-d
040 |a STU  |b slo 
041 0 |a slo 
100 1 |a Zubková, Vladimíra  |u 058180  |4 aut  |U FAD Fakulta architektúry a dizajnu  |T FAD Ústav architektúry občianskych budov  |X 103730  |U A8180  |Y 399  |7 103730 
242 0 1 |a Brewery, Nitra  |y eng 
245 1 0 |a Pivovar, Nitra 
260 |c 2025 
650 4 |a conversion  |2 eng 
650 4 |a brewery  |2 eng 
650 4 |a gallery  |2 eng 
650 4 |a library  |2 eng 
650 4 |a adaptation  |2 eng 
650 4 |a Nitra  |2 slo 
650 4 |a galéria  |2 slo 
650 4 |a pivovar  |2 slo 
650 4 |a knižnica  |2 slo 
650 4 |a adaptácia  |2 slo 
650 4 |a konverzia  |2 slo 
700 1 |a Schleicher, Alexander  |u 058180  |k Z1  |4 ths  |U FAD Fakulta architektúry a dizajnu  |T FAD Ústav architektúry občianskych budov  |X 472  |U A8180  |Y 399  |7 A000000472 
856 4 |u http://is.stuba.sk/zp/portal_zp.pl?podrobnosti=185541